| 000 | 01230nam0a22002651 4500 | ||
|---|---|---|---|
| 001 | rc\2210018 | ||
| 005 | 20260407122939.0 | ||
| 035 | _a(NLR Aleph) 006619237 | ||
| 090 |
_a7431463 _c7431463 |
||
| 100 | _a20110829d1979 |||y0rusy50 ca | ||
| 101 | 0 | _arus | |
| 102 | _aRU | ||
| 105 | _ay z ||||| | ||
| 200 | 1 |
_aПолитика Пекина - угроза миру и безопасности народов _eМетод. рекомендации в помощь лекторам _fХарьк. обл. орг. о-ва "Знание" УССР. Науч.-метод. совет по пропаганде внеш. политики СССР и междунар. отношений _g[Подгот. к. ист. н., доц. Розенфельд Ю.Н.] |
|
| 210 |
_aХарьков _cБ. и. _d1979 |
||
| 215 |
_a[2], 8 с. _d20 |
||
| 320 | _aБиблиогр.: с. 7-8 | ||
| 702 | 1 |
_aРозенфельд _bЮ.Н. _4220 |
|
| 712 | 0 | 2 |
_a"Знание", общество УССР _bХарьковское областное отделение _cКиев _9417423 _3RU\NLR\AUTH\889960572 |
| 801 | 0 |
_aRU _bNLR _gpsbo |
|
| 801 | 1 |
_aRU _bELAR _2rusmarc |
|
| 852 |
_aNLR _j79-4/23340 |
||
| 899 |
_aRuMoRGB _jМ 79-18/817 |
||
| 942 | _cBOOK | ||
| 980 | _aNB | ||